A smart-based practical building defects assessment during defect liability period (DLP)

Bibliographic Details
Main Authors: Loo, Chu Kiong (Author), Hasniyati Hamzah (Author), Lim, Zi Hao (Author)
Format: Book
Language:English

MARC

LEADER 00000cam a2200000 7i4500
001 0000030301
005 20241202.0
008 230807 my a eng
040 |a INS   |b eng   |c INS   |e rda 
090 0 0 |a Research 398   |b 2022 
100 1 |a Loo, Chu Kiong ,   |e author 
245 1 2 |a A smart-based practical building defects assessment during defect liability period (DLP)   |c Loo Chu Kiong, Hasniyati Hamzah, Lim Zi Hao. 
264 0 |c 2022 
300 |a xix, 210 pages :   |b illustrations ;   |c 30 cm. 
336 |a text  |2 rdacontent 
337 |a unmediated  |2 rdamedia 
338 |a volume  |2 rdacarrier 
700 0 |a Hasniyati Hamzah ,   |e author 
700 1 |a Lim, Zi Hao ,   |e author 
999 |a RES0000682   |b BOOK   |c Research By JPPH Staff   |e Default branch 
999 |a RES0000683   |b BOOK   |c Research By JPPH Staff   |e Default branch